|
|
|
|
| LEADER |
01947cas a2200241 a 4500 |
| 001 |
AALejournalIMF021175 |
| 008 |
230101c9999 xx r poo 0 0eng d |
| 020 |
|
|
|c 5.00 USD
|
| 020 |
|
|
|z 9781513552910
|
| 022 |
|
|
|a 1934-7685
|
| 040 |
|
|
|a BD-DhAAL
|c BD-DhAAL
|
| 110 |
2 |
|
|a International Monetary Fund.
|b Monetary and Capital Markets Department.
|
| 245 |
1 |
0 |
|a United States :
|b Financial Sector Assessment Program-Technical Note-Systemic Risk Oversight and Systemic Liquidity.
|
| 264 |
|
1 |
|a Washington, D.C. :
|b International Monetary Fund,
|c 2020.
|
| 300 |
|
|
|a 1 online resource (58 pages)
|
| 490 |
1 |
|
|a IMF Staff Country Reports
|
| 500 |
|
|
|a <strong>Off-Campus Access:</strong> No User ID or Password Required
|
| 500 |
|
|
|a <strong>On-Campus Access:</strong> No User ID or Password Required
|
| 506 |
|
|
|a Electronic access restricted to authorized BRAC University faculty, staff and students
|
| 520 |
3 |
|
|a The heterogeneity of the United States (U.S.) financial markets and complex regulatory and supervisory institutional setup in the United States underscore the importance of enhancing systemic risk oversight and building effective macroprudential tools. An effective framework would encompass identification and prioritization of system-wide risks and vulnerabilities to spur timely policy action. Structures that ensure interagency sharing of information, identify possible emerging regulatory gaps, obtain a good overview of systemic risks, and develop a cooperative framework to address identified threats to financial stability would be necessary components of such a framework. This Technical Note reviews those processes in the United States, as well as examining the issues of systemic liquidity.
|
| 538 |
|
|
|a Mode of access: Internet
|
| 830 |
|
0 |
|a IMF Staff Country Reports; Country Report ;
|v No. 2020/246
|
| 856 |
4 |
0 |
|z Full text available on IMF
|u http://elibrary.imf.org/view/journals/002/2020/246/002.2020.issue-246-en.xml
|z IMF e-Library
|